000
00320nam a2200133Ia 4500
008
191201s2011 xx 000 0 und d
082
_a
530
_b
GAB
100
_a
GAUR, RK
245
0
_a
Basic Applied physics
250
_a
Rep
260
_c
2011
_b
Dhanpat Rai Pubns (P) Ltd
_a
NEW DELHI
300
_a
613
942
_2
ddc
_c
BK
_0
1
999
_c
8061
_d
8061